Социалистическое правовое государство: концепция и пути реализации

Bibliographische Detailangaben
Weitere Verfasser: Чиркин Э. А. (редактор), Нерсесянц В. С.
Sprache:Russisch
Veröffentlicht: Москва, Юридическая литература, 1990
Schlagworte:
Format: Buch
KOHA link:https://koha.lib.tpu.ru/cgi-bin/koha/opac-detail.pl?biblionumber=225461

MARC

LEADER 00000nam0a2200000 4500
001 225461
005 20231101230651.0
010 |a 5726001389 
035 |a (RuTPU)RU\TPU\book\245807 
090 |a 225461 
100 |a 20121112d1990 m y0rusy50 ca 
101 0 |a rus 
102 |a RU 
105 |a y z 001zy 
200 1 |a Социалистическое правовое государство: концепция и пути реализации  |f под ред. Э. А. Чиркина, В. С. Нерсесянца 
210 |a Москва  |c Юридическая литература  |d 1990 
215 |a 320 с. 
320 |a Библиогр. в примеч. 
606 1 |a Советское государство  |x Право  |2 stltpush  |3 (RuTPU)RU\TPU\subj\55423  |9 73457 
610 1 |a правовое государство 
610 1 |a концепция 
610 1 |a реализация 
610 1 |a власть 
610 1 |a конституционный контроль 
610 1 |a гарантии 
610 1 |a права 
610 1 |a свобода 
686 |a Х62  |v LBC/SL-A  |2 rubbk 
702 1 |a Чиркин  |b Э. А.  |4 340 
702 1 |a Нерсесянц  |b В. С.  |4 340 
801 1 |a RU  |b 63413507  |c 20121112 
801 2 |a RU  |b 63413507  |c 20130701  |g RCR 
942 |c BK